Statistics for World Cities in Their Native Language

Click here to take the quiz!

General Stats

  • This quiz has been taken 232 times
  • The average score is 17 of 24

Answer Stats

NativeEnglish% Correct
RomaRome
100%
MoskvaMoscow
99%
Sankt PetersburgSt Petersburg
99%
DubayyDubai
98%
NapoliNaples
97%
KābolKabul
94%
Ar-RiyādRiyadh
92%
TaibeiTaipei
90%
MilanoMilan
89%
KölnCologne
88%
Adis AbebaAddis Ababa
87%
Al-KharṭūmKhartoum
83%
JiddahJeddah
79%
KolkataCalcutta
78%
MumbaiBombay
72%
Krung ThepBangkok
61%
BengaluruBangalore
57%
Al-QāhirahCairo
42%
ChennaiMadras
35%
GuangzhouCanton
33%
NanjingNanking
33%
BusanPusan
30%
DhakaDacca
29%
ChengduChengtu
8%

Score Distribution

Percentile by Number Answered

Percent of People with Each Score

Your Score History

You have not taken this quiz